1090 1117 1424 1306 1948 1343 1659 1586 1499 1530 1833 1500 1157 1484 1642 1496 1449 1919 1199 1053 1389 1033 1957 1331 1258 1804 1938 1665 1312 1996 1355 1686 1104 1677 1830 1451 1127 1265 1104 1540 1459 1453 1647 1491 1267 1913 1979 1425 1204 1387 1834 1252 1321 1045 1114 1788 1929 1970 1359 1534 1948 1248 1046 1009 1776 1284 1233 1570 1054 1981 1200 1743 1009 1704 1173 1995 1685 1048 1916 1983 1454 1301 1804 1243 1487 1027 1993 1816 1483 1371 1759 1777 1609 1175 1883 1216 1424 1024 1389 BCNSPRNW ULIB Ver.6.0+V

เปลี่ยนเป็นภาษาไทย

Change to English
 แสดงรายละเอียดบรรณานุกรม
  กลับหน้าหลัก

Brief Record : Get Marc (ISO 2709) : E-mail record : QR code < ปิดหน้าต่าง
LEADER : 00000nam 2200000uu 4500
001    13399113510
003     ULIB
008    110627s2551||||th 000 0 tha d
020    9789740468110
090    นว.^bค129ฝ 2551
100 0  คณิตยา
245 00 ฝากรัก..ผ่านซีบ็อกซ์/^cคณิตยา
250    พิมพ์ครั้งที่ 1
260    กรุงเทพฯ :^bพิมพ์คำ,^c2551
300    269 หน้า
710 1  พิมพ์คำ
945    ^p180^l0^i026754
995    ทศพร
999 ^a ใช้งานได้ทุกระบบ
รายการนี้ยังไม่มีแท็ก
คุณยังไม่ได้ล็อกอิน คุณสามารถมีกิจกรรมร่วมกับเว็บไซต์ได้ แต่ต้องล็อกอินก่อน ::
  ล็อกอิน

รายการสื่อสารสนเทศ

ลำดับที่ ประเภท เลขเรียก/บาร์โค้ด สถานที่ สถานะ
1. นวนิยาย
นวนิยาย
นว. ค129ฝ 2551 ฉ.1 
  Barcode: 026754
ห้องสมุดวิทยาเขตสวรรค์ประชารักษ์
►นวนิยาย
บนชั้น
  ขอยืม

รายการใกล้เคียง
    ผู้แต่ง [คณิตยา]

BibComment


ยังไม่เคยถูกคอมเมนท์

คอมเมนท์ทรัพยากรรายการนี้
  คอมเมนท์: ฝากรักผ่านซีบ็อกซ..


 Copyright 2026. Bcnsprnw @Library